α-SiAlON ceramics from nanopowders

Podrobná bibliografia
Hlavní autori: Zalite, I. (Author), Kladler, G. (Author), Zhilinska, N. (Author)
Médium: Článok
Jazyk:English
Témy:
Zdroj: 1. Powder metallurgy progress 1. 1335-8987 1. Roč. 6, č. 2 (2006), s. 88-93
LEADER 00963nab#a2200361#ar4500
001 000083049
003 SVKKK
005 20070306141302.0
008 050331c2006 xo e eng
FMT
015 |a SNBRB2007/03-ccccc 
038 |a SVKKK 
040 |a SVKKK  |b slo  |e AACR2 
041 0 |a eng  |b eng 
044 |a xo  |c SK 
080 |a 621.762  |2 1997 
080 |a 666.798.2  |2 1997 
100 1 |a Zalite, I.  |4 aut 
242 1 0 |a Keramika α-SiAlON z nanopráškov 
245 1 0 |a α-SiAlON ceramics from nanopowders  |c I. Zalite, N. Zhilinska, G. Kladler 
300 |b Obr., tab. 
504 |a Bibliogr. odkazy 
504 |a Res. angl. 
650 0 4 |a materiály keramické SiAlON  |x nanoprášky  |x spekanie 
700 1 |a Kladler, G.  |4 aut 
700 1 |a Zhilinska, N.  |4 aut 
773 0 |t Powder metallurgy progress  |x 1335-8987  |g Roč. 6, č. 2 (2006), s. 88-93 
958 |a NB 
992 |a RBX 
BAS
852 |a SVKKK  |b BIB 
EXP
998 |a HUT